1056 1169 1077 1107 1588 1054 1162 1735 1451 1558 1030 1527 1350 1155 1843 1774 1316 1735 1927 1489 1994 1442 1966 1366 1882 1523 1700 1080 1227 1457 1996 1970 1175 1706 1546 1615 1738 1695 1234 1119 1985 1027 1692 1735 1343 1990 1423 1651 1663 1700 1551 1749 1372 1992 1503 1722 1752 1172 1857 1363 1098 1538 1312 1120 1545 1184 1134 1384 1375 1112 1485 1366 1583 1681 1445 1639 1398 1065 1366 1685 1006 1006 1802 1648 1766 1056 1595 1488 1962 1616 1214 1950 1432 1322 1202 1708 1877 1351 1105 BCNSPRNW ULIB Ver.6.0+V

เปลี่ยนเป็นภาษาไทย

Change to English
 แสดงรายละเอียดบรรณานุกรม
  กลับหน้าหลัก

Brief Record : Get Marc (ISO 2709) : E-mail record : QR code < ปิดหน้าต่าง
LEADER : 00000nam 2200000uu 4500
001    13399124413
003     ULIB
008    110627s2557||||th 000 0 tha d
020    9786165000543
090    นว.^bอ998ค
100 0  ศรีสุรางค์
245 00 วินธัย/^cศรีสุรางค์
250    พิมพ์ครั้งที่ 2
260    กรุงเทพฯ :^bพิมพ์คำ,^c2557
300    711 หน้า
710 1  พิมพ์คำ
945    ^p390^l0^i039528
995    ทศพร
999 ^a ใช้งานได้ทุกระบบ
รายการนี้ยังไม่มีแท็ก
คุณยังไม่ได้ล็อกอิน คุณสามารถมีกิจกรรมร่วมกับเว็บไซต์ได้ แต่ต้องล็อกอินก่อน ::
  ล็อกอิน

รายการสื่อสารสนเทศ

ลำดับที่ ประเภท เลขเรียก/บาร์โค้ด สถานที่ สถานะ
1. นวนิยาย
นวนิยาย
นว. อ998ค ฉ.1 
  Barcode: 039528
ห้องสมุดวิทยาเขตนครสวรรค์
►นวนิยาย:l:Fiction
ถูกยืม กำหนดส่งวันที่ 11 กรกฎาคม 2568
  จอง

BibComment


ยังไม่เคยถูกคอมเมนท์

คอมเมนท์ทรัพยากรรายการนี้
  คอมเมนท์: วินธัย ศรีสุรางค์


 Copyright 2026. Bcnsprnw @Library